|
|
|
|
| LEADER |
02618nam a2200625 a 4500 |
| 001 |
nkc20142572029 |
| 003 |
CZ PrNK |
| 005 |
20260129153006.0 |
| 007 |
ta |
| 008 |
140306s2013 xr ak f u 000 0 cze |
| 015 |
|
|
|a cnb002572029
|
| 020 |
|
|
|a 978-80-7328-288-2
|q (brož.)
|
| 020 |
|
|
|a 978-80-87992-54-8
|q (změna 1 ;
|q brož.)
|
| 035 |
|
|
|a (OCoLC)879565023
|
| 040 |
|
|
|a OLA001
|b cze
|
| 043 |
|
|
|a e-xr---
|
| 072 |
|
7 |
|a 662
|x Výbušniny. Paliva
|2 Konspekt
|9 19
|
| 080 |
|
|
|a 621.643.2:662.767.7
|2 MRF
|
| 080 |
|
|
|a 696.2
|2 MRF
|
| 080 |
|
|
|a 662.76:621.643.8
|2 MRF
|
| 080 |
|
|
|a 62:005.935.31
|2 MRF
|
| 080 |
|
|
|a 006.7/.8
|2 MRF
|
| 080 |
|
|
|a (437.3)
|2 MRF
|
| 080 |
|
|
|a (083)
|2 MRF
|
| 245 |
0 |
0 |
|a Kontrola těsnosti a činnosti spojené s řešením úniků plynu na plynovodech a plynovodních přípojkách =
|b Tightness survey and activities regarding gas leakage detection on gas lines and service pipes : TPG G 913 01 : schválena dne 16.10.2013 /
|c [realizace a vydání technických pravidel Český plynárenský svaz]
|
| 246 |
3 |
0 |
|a TPG G 913 01
|
| 246 |
3 |
1 |
|a Tightness survey and activities regarding gas leakage detection on gas lines and service pipes
|
| 260 |
|
|
|a [Praha] :
|b GAS,
|c c2013
|
| 300 |
|
|
|a 32 s. :
|b il., formuláře ;
|c 30 cm
|
| 490 |
1 |
|
|a Technická pravidla. Kontroly a inspekce
|
| 500 |
|
|
|a "Tato pravidla platí od 1.1.2014"--S. 3
|
| 500 |
|
|
|a Název z obálky
|
| 500 |
|
|
|a Pod názvem: Hospodářská komora České republiky
|
| 500 |
|
|
|a Přehled souvisejících předpisů a norem
|
| 500 |
|
|
|a Nepravidelně vycházejí změny - v roce 2018 změna 1 (schválena 31.10.2018, platí od 1.1.2019)
|
| 650 |
0 |
7 |
|a plynovody
|7 ph124128
|2 czenas
|
| 650 |
0 |
7 |
|a plynové přípojky
|7 ph153127
|2 czenas
|
| 650 |
0 |
7 |
|a únik plynu
|7 ph923726
|2 czenas
|
| 650 |
0 |
7 |
|a revize technických zařízení
|7 ph378898
|2 czenas
|
| 650 |
0 |
7 |
|a technické normy a standardy
|7 ph260676
|z Česko
|2 czenas
|
| 650 |
0 |
9 |
|a gas pipelines
|2 eczenas
|
| 650 |
0 |
9 |
|a gas connections
|2 eczenas
|
| 650 |
0 |
9 |
|a gas leak
|2 eczenas
|
| 650 |
0 |
9 |
|a technical revisions
|2 eczenas
|
| 650 |
0 |
9 |
|a technical standards
|z Czechia
|2 eczenas
|
| 655 |
|
7 |
|a normy
|7 fd131861
|2 czenas
|
| 655 |
|
9 |
|a standards
|2 eczenas
|
| 710 |
2 |
|
|a Český plynárenský svaz
|7 ko2004231811
|
| 710 |
2 |
|
|a Hospodářská komora České republiky
|7 kn20010724178
|
| 830 |
|
0 |
|a Technická pravidla.
|p Kontroly a inspekce
|0 s
|
| 910 |
2 |
|
|a BOA001
|b 4-1323.503
|
| 990 |
|
|
|a BK
|
| 995 |
|
|
|a 01
|
| 991 |
|
|
|b 201403
|c NOV
|e n
|
| 996 |
6 |
|
|b 2610585747
|c 4-1323.503
|d TPG 91301
|l MZK
|r STM 6p
|n 0
|p p.v. ; pult STM6
|w 001410039
|u 000010
|a 0
|e BOA001
|j MZK50
|s P
|